Logam Dan Rahsianya

Bibliographic Details
Format: Book
Published: Johor : Pelangi Sdn Bhd , 1995
Subjects:

MARC

LEADER 00000cam a2200000 7i4500
001 0000023751
005 20141002.0
008 140429 bm
020 |a 9835007764 
090 0 0 |a J 001 DUN 
245 0 0 |a Logam Dan Rahsianya 
260 |a Johor :   |b Pelangi Sdn Bhd ,   |c 1995 
300 |a 31p :   |b coi.ill. ;   |c 18cm. 
650 0 0 |a Karya Am 
999 |a 0000260966   |b Buku   |c Rak Terbuka   |e Perpustakaan Cawangan Jasin 
999 |a 12746   |b Buku   |c Koleksi Pinjaman Kanak-Kanak   |e Perbadanan Perpustakaan Awam Melaka 
999 |a 12747   |b Buku   |c Koleksi Pinjaman Kanak-Kanak   |e Perbadanan Perpustakaan Awam Melaka 
999 |a 28671   |b Buku   |c Koleksi Pinjaman Kanak-Kanak   |e Perpustakaan Cawangan Masjid Tanah 
999 |a 28672   |b Buku   |c Koleksi Pinjaman Kanak-Kanak   |e Perpustakaan Cawangan Masjid Tanah 
999 |a 38303   |b Buku   |c Koleksi Pinjaman Kanak-Kanak   |e Perpustakaan Cawangan Jasin 
999 |a 38304   |b Buku   |c Koleksi Pinjaman Kanak-Kanak   |e Perpustakaan Cawangan Jasin